000 01064nam1a2200277 4500
001 rc\3011262
005 20250807185959.0
035 _a(NLR Aleph) 007153779
090 _a1131
_c1131
100 _a20250807 rusy50
101 0 _arus
102 _aRU
105 _a| z |||||
200 1 _aПалеолит Крыма
_fГ. А. Бонч-Осмоловский
_gАкадемия наук СССР, Комиссия по изучению четвертичного периода
210 _aМосква
_aЛенинград
_cИзд-во Академии наук СССР
_d1940-1954
215 _a3 т.
_d26
700 1 _aБонч-Осмоловский
_bГ. А.
_f1890-1943
_gГлеб Анатольевич
_3RU\NLR\AUTH\770263032
801 0 _aRU
_bNLR
_gpsbo
801 1 _aRU
_bELAR
_2rusmarc
852 _aNLR
_j40-19/36
852 _aNLR
_jАн02 Г-7/2
942 _cBOOK
945 _aРоссийская национальная библиотека
980 _aNB
980 _aBV